000 00447nam a22001937a 4500
999 _c11706
_d11706
003 OSt
008 230116b ||||| |||| 00| 0 eng d
020 _a9789332585775
082 _a337 KRI
100 _aKRUGMAN,Paul
245 _aInternational Finance
250 _a10th Ed
260 _aUP
_bPearson
_c2022
300 _a455
650 _aInternational Finance
700 _aOBSTFELD,Maurice
700 _aMELITZ,Marc
942 _2ddc
_cREF